000 00257pam a2200121 a 4500
020 _c
041 _h
082 _a581
_bSAX
100 _aSaxena, A.K.
245 _aA Textbook of Botany Vol I
_hTextual Documents
700 _aSarbhi, R.P.
930 _a10879
999 _c87783
_d87783